Discrete mathematics (Record no. 168001)

MARC details
000 -LEADER
fixed length control field 00410nam a2200157Ia 4500
008 - FIXED-LENGTH DATA ELEMENTS--GENERAL INFORMATION
fixed length control field 231217s9999 xx 000 0 und d
041 ## - LANGUAGE CODE
Language code of text/sound track or separate title English
082 ## - DEWEY DECIMAL CLASSIFICATION NUMBER
Classification number 511 ROS;1 `R'
100 ## - MAIN ENTRY--PERSONAL NAME
Personal name Ross, Kenneth AWright, Charles R K
245 #0 - TITLE STATEMENT
Title Discrete mathematics
250 ## - EDITION STATEMENT
Edition statement 4th ed.
260 ## - PUBLICATION, DISTRIBUTION, ETC.
Date of publication, distribution, etc. 1999
Name of publisher, distributor, etc. New Jersey : Prentice-Hall,
300 ## - PHYSICAL DESCRIPTION
Extent xiv+684
650 ## - SUBJECT ADDED ENTRY--TOPICAL TERM
Topical term or geographic name entry element Discrete mathematics
942 ## - ADDED ENTRY ELEMENTS (KOHA)
Koha item type Books
Holdings
Date last seen Total checkouts Full call number Accession number Cost, total (INR) price Price effective from Category Public note Lost status Damaged status Department Withdrawn status Home library Current library Shelving location Entry date Vendor Cost, normal purchase price Grants Billnumber Billdate Currency symbol Conversion rate Discount Old discount
26/01/2024   511 ROS;1 `R' 17886 1159.40 26/01/2024 Books Library Annex - Property Counter     Central Library   Central Library Central Library Library Annex 27/07/2001 Sai Books 1364.00 MCA 1162 10/01/2004 RS 1 204.6 15

© For any Suggestions or Query, please contact the library staff @ librarian@pes.edu or Phone: +9180 2672 1983/ 2108.